| 000 | 02114nam a2200481 c 4500 | ||
|---|---|---|---|
| 003 | BLK | ||
| 005 | 20250710175404.0 | ||
| 008 | 180411b bul|||||r ||||||| ||bul|| | ||
| 010 | _aKNG00188177000 | ||
| 020 | _a978-619-199-012-2 | ||
| 020 | _a3800083816485 | ||
| 040 | _aBLK | ||
| 041 |
_aBUL _cBUL |
||
| 072 | 7 |
_2bullib _aН86 _xДетска отраслова литература Н |
|
| 080 |
_aДомашни животни _b636.1/.9 _x(035)(02.053.2) _z636.1/.9(035)(02.053.2) |
||
| 100 |
_9341768 _aМьолер, Ане _eтекст и ил. |
||
| 139 |
_aМьолер, Ане _bМ 97 |
||
| 245 | 1 | 0 |
_aДомашните животни _bЕнциклопедия за най-малките : С повдигащи се капачета на всяка страница _cтекст и ил. Ане Мьолер; прев. Розалина Палазова |
| 257 | _aDEU | ||
| 260 |
_bФют _c2015 _fотпеч. в Италия _aСофия |
||
| 300 |
_a16 с. _bс цв. ил. _c20 см |
||
| 380 | _aDN | ||
| 490 |
_aПоредица Защо? Какво? Как? _9208015 _v5 |
||
| 500 | _aКор. загл. - Ориг. загл. Wieso? Weshalb? Warum? Im Streicheizoo / Ill. und Text Anne Moller. | ||
| 650 | 4 |
_aДомашни животни - детска и юношеска литература _9313506 |
|
| 650 | 4 |
_aЕнциклопедии, детски _9154962 |
|
| 653 | _aдомашни животни | ||
| 653 | _aенциклопедии | ||
| 653 | _aлитература за деца | ||
| 653 | _aдетска литература | ||
| 659 | _aН | ||
| 700 | 1 |
_aМьолер, Ане _eтекст и ил. _9341768 |
|
| 700 | 1 |
_aПалазова, Розалина Борилова _gЖурналист. Преводач от немски език. _9105705 |
|
| 852 | _aЦб 274467 | ||
| 856 | 4 | _qpdf | |
| 856 | 4 | _qpdf | |
| 942 |
_cKNG _n0 _099 _s1 |
||
| 944 |
_aCR _c01.06.2016 _lБояна Костадинова _k30551 |
||
| 944 |
_aED _c17.06.2016 _lф / _kЛюдмила_Стоянова |
||
| 999 |
_c179398 _d179398 |
||
| 999 | _d179398 | ||
| 999 | _d179398 | ||
| 999 | _d179398 | ||